Economic geography /

Bibliographic Details
Main Author: Hartshorn, Truman A.
Other Authors: Alexander, John W. (John Wesley), 1918-
Format: Book
Language:English
Published: Englewood Cliffs, N.J. ; New Delhi : Prentice Hall, 1988 [reprinted 2000, 2004].
Edition:Third edition.
Subjects:
Classic Catalogue: View this record in Classic Catalogue
LEADER 03709nam a2200445 a 4500
001 2895171
008 100114r20041988njua b 001 0 eng d
010 |a \\\87017407  
020 |a 8120305191 
020 |a 0132251604 
040 |a DLC  |c DLC  |d DLC  |d BD-DhAAL 
082 0 0 |a 330.9  |2 23 
100 1 |a Hartshorn, Truman A.  |9 33553 
245 1 0 |a Economic geography /  |c Truman A. Hartshorn, John W. Alexander. 
250 |a Third edition. 
260 |a Englewood Cliffs, N.J. ;  |a New Delhi :  |b Prentice Hall,  |c 1988 [reprinted 2000, 2004]. 
300 |a xiii, 385 p. :  |b ill. ;  |c 28 cm 
500 |a Rev. ed. of: Economic geography / John W. Alexander, Lay James Gibson. 2nd ed. 1979. 
504 |a Includes bibliographical references and index. 
541 1 |e 0012891 
650 0 |a Economic geography.  |9 33554 
700 1 |a Alexander, John W.  |q (John Wesley),  |d 1918-  |9 33555 
700 1 |a Alexander, John W.  |q (John Wesley),  |d 1918-  |t Economic geography.  |9 33556 
852 4 |a Ayesha Abed Library  |c General Stacks 
942 0 0 |0 5  |2 ddc  |c BK 
999 |c 6988  |d 6988 
952 |0 0  |1 0  |2 ddc  |4 0  |6 330_900000000000000_HAR  |7 0  |9 7236  |a BRACUL  |b BRACUL  |c GEN  |d 2010-01-14  |l 15  |m 74  |o 330.9 HAR  |p 3010012891  |r 2025-09-09  |s 2025-06-17  |t 7  |w 2010-01-14  |y BK  |x Price not available in Register 
952 |0 0  |1 0  |2 ddc  |4 0  |6 330_900000000000000_HAR  |7 0  |9 8843  |a BRACUL  |b BRACUL  |c GEN  |d 2010-03-29  |l 17  |m 81  |o 330.9 HAR  |p 3010012888  |r 2019-01-28  |s 2019-01-21  |t 4  |w 2010-03-29  |y BK  |x Price not available in Register 
952 |0 0  |1 0  |2 ddc  |4 0  |6 330_900000000000000_HAR  |7 0  |9 8844  |a BRACUL  |b BRACUL  |c GEN  |d 2010-03-29  |g 270.00  |l 18  |m 135  |o 330.9 HAR  |p 3010012887  |r 2022-03-29  |s 2020-01-11  |t 3  |w 2010-03-29  |y BK 
952 |0 0  |1 0  |2 ddc  |4 0  |6 330_900000000000000_HAR  |7 0  |9 8845  |a BRACUL  |b BRACUL  |c GEN  |d 2010-03-29  |l 17  |m 96  |o 330.9 HAR  |p 3010012889  |r 2019-09-15  |s 2019-05-19  |t 5  |w 2010-03-29  |y BK  |x Price not available in Register 
952 |0 0  |1 0  |2 ddc  |4 0  |6 330_900000000000000_HAR  |7 0  |9 8846  |a BRACUL  |b BRACUL  |c GEN  |d 2010-03-29  |l 9  |m 54  |o 330.9 HAR  |p 3010012495  |r 2018-10-15  |s 2018-09-19  |t 2  |w 2010-03-29  |y BK  |x Price not available in Register 
952 |0 0  |1 0  |2 ddc  |4 0  |6 330_900000000000000_HAR  |7 0  |9 12197  |a BRACUL  |b BRACUL  |c GEN  |d 2010-09-29  |l 11  |m 113  |o 330.9 HAR  |p 3010012890  |r 2018-12-13  |s 2018-09-16  |t 6  |w 2010-09-29  |y BK  |x Price not available in Register 
952 |0 0  |1 0  |2 ddc  |4 0  |6 330_900000000000000_HAR  |7 0  |9 13759  |a BRACUL  |b BRACUL  |c GEN  |d 2011-01-11  |l 20  |m 165  |o 330.9 HAR  |p 3010021704  |r 2025-09-16  |s 2025-07-20  |t 11  |w 2011-01-11  |y BK 
952 |0 0  |1 0  |2 ddc  |4 0  |6 330_900000000000000_HAR  |7 0  |9 13760  |a BRACUL  |b BRACUL  |c GEN  |d 2011-01-11  |l 23  |m 175  |o 330.9 HAR  |p 3010021705  |r 2022-07-17  |s 2022-07-05  |t 12  |w 2011-01-11  |y BK 
952 |0 0  |1 0  |2 ddc  |4 0  |6 330_900000000000000_HAR  |7 0  |9 13761  |a BRACUL  |b BRACUL  |c GEN  |d 2011-01-11  |l 25  |m 216  |o 330.9 HAR  |p 3010021703  |r 2019-01-17  |s 2018-09-17  |t 10  |w 2011-01-11  |y BK 
952 |0 0  |1 0  |2 ddc  |4 0  |6 330_900000000000000_HAR  |7 0  |9 13762  |a BRACUL  |b BRACUL  |c GEN  |d 2011-01-11  |l 27  |m 157  |o 330.9 HAR  |p 3010021702  |r 2019-02-06  |s 2018-12-14  |t 9  |w 2011-01-11  |y BK  |x Koha Inventory 2020 ; Previously missing book recovered on 10 August 2025 
952 |0 0  |1 0  |2 ddc  |4 0  |6 330_900000000000000_HAR  |7 0  |9 13763  |a BRACUL  |b BRACUL  |c GEN  |d 2011-01-11  |l 18  |m 146  |o 330.9 HAR  |p 3010021701  |r 2019-02-11  |s 2018-09-16  |t 8  |w 2011-01-11  |y BK 
952 |0 0  |1 0  |2 ddc  |4 0  |6 330_900000000000000_HAR  |7 0  |9 43094  |a SCL  |b SCL  |c GEN  |d 1998-11-28  |l 0  |o 330.9 HAR  |p 3020001139  |r 2014-07-10  |t 1  |w 2014-07-10  |y BK 
952 |0 0  |1 0  |2 ddc  |4 0  |6 330_900000000000000_HAR  |7 0  |9 44340  |a BRACUL  |b BRACUL  |c GEN  |d 2014-12-04  |e Trim Education  |g 525.00  |l 11  |m 86  |o 330.9 HAR  |p 3010028559  |r 2022-09-25  |s 2022-06-05  |t 13  |w 2014-12-04  |y BK 
952 |0 0  |1 0  |2 ddc  |4 0  |6 330_900000000000000_HAR  |7 0  |9 44341  |a BRACUL  |b BRACUL  |c GEN  |d 2014-12-04  |e Trim Education  |g 525.00  |l 12  |m 105  |o 330.9 HAR  |p 3010028560  |r 2025-09-03  |s 2025-07-14  |t 14  |w 2014-12-04  |y BK